Theft of Cultural Property in the Context of the Polish Criminal Law
Otázka záruky primeranej ochrany kultúrneho majetku proti krádeži v rámci trestného práva. Vysvetlenie pojmov: kultúrne vlastníctvo a kultúrna pamiatka. Analýza právnych dôvodov klasifikácie krádeže kultúrnych hodnôt ako zločin alebo priestupok. Súčasný stav poľského práva v rámci ochrany kultúrneho...
Saved in:
| Main Author: | |
|---|---|
| Format: | Book Chapter |
| Language: | English |
| Subjects: | |
| Tags: |
No Tags, Be the first to tag this record!
|
MARC
| LEADER | 00000naa a2200000 4500 | ||
|---|---|---|---|
| 001 | 0259765 | ||
| 005 | 20191120101032.8 | ||
| 041 | 0 | |a eng | |
| 044 | |a SK | ||
| 245 | 1 | 0 | |a Theft of Cultural Property in the Context of the Polish Criminal Law |c Katarzyna Banasik |
| 520 | |a Otázka záruky primeranej ochrany kultúrneho majetku proti krádeži v rámci trestného práva. Vysvetlenie pojmov: kultúrne vlastníctvo a kultúrna pamiatka. Analýza právnych dôvodov klasifikácie krádeže kultúrnych hodnôt ako zločin alebo priestupok. Súčasný stav poľského práva v rámci ochrany kultúrneho majetku proti krádeži. | ||
| 610 | 2 | 0 | |a právo trestné |
| 610 | 2 | 0 | |a krádeže |
| 610 | 2 | 0 | |a ochrana majetku |
| 610 | 2 | 0 | |a kultúra |
| 610 | 2 | 0 | |a Poľsko |
| 100 | 1 | |a Banasik, Katarzyna | |